Kerdjasama ekonomi antar Nefos, (Record no. 88733)

MARC details
000 -LEADER
fixed length control field 00889cam a22002411 4500
001 - CONTROL NUMBER
control field sa 68018946
003 - CONTROL NUMBER IDENTIFIER
control field DLC
005 - DATE AND TIME OF LATEST TRANSACTION
control field 20260227112715.0
008 - FIXED-LENGTH DATA ELEMENTS--GENERAL INFORMATION
fixed length control field 721031s1965 xx 000 0 ind
010 ## - LIBRARY OF CONGRESS CONTROL NUMBER
LC control number sa 68018946
035 ## - SYSTEM CONTROL NUMBER
System control number (OCoLC)480258
040 ## - CATALOGING SOURCE
Original cataloging agency DLC
Transcribing agency OAU
Modifying agency OCoLC
-- DLC
042 ## - AUTHENTICATION CODE
Authentication code premarc
050 00 - LIBRARY OF CONGRESS CALL NUMBER
Classification number HF1597
Item number .S9
100 0# - MAIN ENTRY--PERSONAL NAME
Personal name Subroto.
245 10 - TITLE STATEMENT
Title Kerdjasama ekonomi antar Nefos,
Statement of responsibility, etc. oleh Subroto dan Ali Wardhana.
260 ## - PUBLICATION, DISTRIBUTION, ETC.
Place of publication, distribution, etc. Djakarta,
Name of publisher, distributor, etc. Lembaga Penjelidikan Ekonomi dan Masjarakat, Universitas Indonesia
Date of publication, distribution, etc. [1965?]
300 ## - PHYSICAL DESCRIPTION
Extent ii, 28 p.
Other physical details illus.
Dimensions 32 cm.
410 10 - SERIES STATEMENT/ADDED ENTRY--CORPORATE NAME [OBSOLETE, CAN/MARC], [LOCAL, USA]
Corporate name or jurisdiction name as entry element [Djakarta.
Subordinate unit Universitas Indonesia.
-- Lembaga Penjelidikan Ekonomi dan Masjarakat.
Title of a work Laporan]
Volume number/sequential designation no. 24B
651 #0 - SUBJECT ADDED ENTRY--GEOGRAPHIC NAME
Geographic name Indonesia
General subdivision Foreign economic relations.
700 1# - ADDED ENTRY--PERSONAL NAME
Personal name Wardhana, Ali,
Relator term joint author.
710 1# - ADDED ENTRY--CORPORATE NAME
Corporate name or jurisdiction name as entry element Djakarta.
Subordinate unit Universitas Indonesia.
-- Lembaga Penjelidikan Ekonomi dan Masjarakat.

No items available.

Powered by Koha